| 000 | 00540nam a2200193 a 4500 | ||
|---|---|---|---|
| 005 | 20240320063653.0 | ||
| 008 | 991125s1968 bar 000 0 spa u | ||
| 035 | _aUPN01000029121 | ||
| 049 | _aCG | ||
| 050 | 4 |
_aPS3525 A43 _bI48 |
|
| 100 | 1 |
_aMalamad, Bernard, _d1914- |
|
| 245 | 1 | 0 |
_aIdiotas primero / _cBernard Malamad ; tr. Gabriel Ferrater |
| 260 |
_aBarcelona, Esp. : _bSeix Barral, _c1968 |
||
| 300 | _a185 p | ||
| 440 | 0 | _aBiblioteca formativa | |
| 650 | 4 |
_aNovela estadounidense _94462 |
|
| 904 |
_aAC _b029122 |
||
| 905 | _aLibro | ||
| 999 |
_c29121 _d29121 |
||